000
00326nam a22001457a 4500
003
SGT
020
_a
978-93-86896-23-0
082
_a
611
_b
E19K
100
_a
KUMARI, NAVNEET
245
_a
ESSENTIAL GENETICS FOR NURSING STUDENTS
250
_a
3RD
260
_a
INDIA
_b
LOTUS
_c
2019
300
_a
319
942
_2
ddc
_c
BK
_0
2
999
_c
16519
_d
16519